Cost prediction (Record no. 121347)

MARC details
000 -LEADER
fixed length control field 01108nam a22002537a 4500
001 - CONTROL NUMBER
control field 121347
008 - FIXED-LENGTH DATA ELEMENTS--GENERAL INFORMATION
fixed length control field 230201s2020 xxk|||||o|||| 00| 0 eng d
020 ## - INTERNATIONAL STANDARD BOOK NUMBER
ISBN 978178324068
041 ## - LANGUAGE CODE
Language code of text/sound track or separate title eng
110 ## - MAIN ENTRY--CORPORATE NAME
Corporate author Royal Institution of Chartered Surveyors
245 ## - TITLE STATEMENT
Title Cost prediction
Subtitle RICS Professional Statement
Medium [Electronic resource]
250 ## - EDITION
Edition statement 1st
260 ## - PUBLICATION INFORMATION
Place of publication London,
Publisher Royal Institution of Chartered Surveyors,
Date November 2020
300 ## - PHYSICAL DESCRIPTION
Physical description 56p
490 ## - SERIES TITLE
Series statement RICS Professional Statement
520 ## - ABSTRACT
Abstract This professional statement provides an overview of global best practice in cost prediction and the implementation of international construction measurement standards (ICMS) for cost management professionals.
650 ## - KEYWORDS
Keywords COSTS
651 ## - SUBJECT ADDED ENTRY--GEOGRAPHIC NAME
Geographic name International
690 ## - BROAD SUBJECT
9 (RLIN) 6230
Broad subject Construction management
700 ## - ADDED PERSONAL NAME
Added personal author Jewell, Carol
710 ## - ADDED CORPORATE NAME
Added corporate author Royal Institution of Chartered Surveyors
856 ## - ONLINE RESOURCE
Uniform Resource Identifier <a href="https://www.rics.org/uk/upholding-professional-standards/sector-standards/construction/rics-cost-prediction-professional-statement-global-1st-edition/">https://www.rics.org/uk/upholding-professional-standards/sector-standards/construction/rics-cost-prediction-professional-statement-global-1st-edition/</a>
Public note Available free on RICS.org
942 ## - ADDED ENTRY ELEMENTS (KOHA)
Suppress in OPAC Do not suppress in OPAC
Holdings
Lost status Source of classification or shelving scheme Damaged status Not for loan Current library Shelving location Date acquired Total Checkouts Full call number Date last seen Price effective from Koha item type
  Dewey Decimal Classification     Virtual Online 01/02/2023   ONLINE PUBLICATION 23/03/2023 01/02/2023 Online material